000 00245nam a2200097Ia 4500
001 755172
005 20250826164754.0
008 250824s9999 xx 000 0 und d
245 0 _aİNGİLİZCE SÖZLÜK
_cH.EROL YILDIZ
260 _bKARATAY YAYINLARI
999 _c755172
_d755172